| 000 | 01337nam a22002057a 4500 | ||
|---|---|---|---|
| 005 | 20251028161146.0 | ||
| 008 | s2505 th tha d | ||
| 040 | _aNALT | ||
| 041 | _atha | ||
| 090 |
_aอศ _bส247พ 2505 |
||
| 245 | 0 | 0 | _aพระนิพนธ์สมเด็จพระสังฆราช วัดเบญจมบพิตร. |
| 260 |
_aพระนคร : _bโรงพิมพ์การศาสนา กรมการศาสนา, _c2505. |
||
| 300 |
_a753 หน้า : _bภาพประกอบ ; _c26 ซม. |
||
| 500 | _aคณะสงฆ์ไทยพิมพ์โดยเสด็จพระราชกุศลในงานพระเมรุพระศพ สมเด็จพระสังฆราช สกลมหาสังฆปริณายก วัดเบญจมบพิตร ณ พระเมรุวัดเทพศิรินทราวาส วันที่ 18 พฤศจิกายน พุทธศักราช 2505 | ||
| 600 | 0 | 4 |
_925381 _aสมเด็จพระอริยวงศาคตญาณ (ปลด กิตฺติโสภโณ), _d2432-2505 |
| 650 | 0 |
_aธรรมเทศนา _910018 |
|
| 850 | _aNALT | ||
| 856 | 4 | 0 | _uhttps://hdl.handle.net/20.500.14156/590717 |
| 942 |
_cRRB _2local |
||
| 999 |
_c23540 _d23540 |
||
| 998 |
_j4612 _k นางสาววัลยา พุ่มต้นวงค์ |
||